000 nam a22 7a 4500
999 _c10509
_d10509
008 180219b ||||| |||| 00| 0 eng d
100 _aMohan,R.
_96422
245 _aMathville-1
260 _aNew Delhi
_bG.Ram